<?xml version="1.0" encoding="UTF-8"?>
<record
    xmlns:xsi="http://www.w3.org/2001/XMLSchema-instance"
    xsi:schemaLocation="http://www.loc.gov/MARC21/slim http://www.loc.gov/standards/marcxml/schema/MARC21slim.xsd"
    xmlns="http://www.loc.gov/MARC21/slim">

  <leader>02024    a2200277   4500</leader>
  <controlfield tag="001">2162214035926770</controlfield>
  <controlfield tag="003">UA-OsUOA</controlfield>
  <controlfield tag="005">20260504115726.0</controlfield>
  <controlfield tag="008">260430b        -ura|||| |||| 00| f rus d</controlfield>
  <datafield tag="040" ind1=" " ind2=" ">
    <subfield code="a">UA-OsUOA</subfield>
    <subfield code="b">rus</subfield>
    <subfield code="c">UA-OsUOA</subfield>
    <subfield code="d">UA-OsUOA</subfield>
  </datafield>
  <datafield tag="041" ind1=" " ind2=" ">
    <subfield code="a">rus</subfield>
  </datafield>
  <datafield tag="080" ind1=" " ind2=" ">
    <subfield code="a">821.161.1(492)</subfield>
  </datafield>
  <datafield tag="090" ind1=" " ind2=" ">
    <subfield code="a">821.161.1(492)</subfield>
    <subfield code="b">C56</subfield>
  </datafield>
  <datafield tag="245" ind1=" " ind2=" ">
    <subfield code="a">&#x421;&#x43E;&#x432;&#x440;&#x435;&#x43C;&#x435;&#x43D;&#x43D;&#x44B;&#x439; &#x43D;&#x438;&#x434;&#x435;&#x440;&#x43B;&#x430;&#x43D;&#x434;&#x441;&#x43A;&#x438;&#x439; &#x434;&#x435;&#x442;&#x435;&#x43A;&#x442;&#x438;&#x432;</subfield>
    <subfield code="c">&#x412;. &#x425;. &#x432;&#x430;&#x43D; &#x42D;&#x43C;&#x43B;&#x430;&#x43D;&#x434;, &#x412;&#x438;&#x43B;&#x43B;&#x438; &#x41A;&#x43E;&#x440;&#x441;&#x430;&#x440;&#x438;, &#x410;. &#x41B;&#x430;&#x443;&#x440;&#x435;&#x43D;&#x441;-&#x41A;&#x43E;&#x43E;&#x43F; ; &#x43F;&#x435;&#x440;. &#x441; &#x43D;&#x438;&#x434;&#x435;&#x440;&#x43B;., &#x43F;&#x43E;&#x441;&#x43B;&#x435;&#x441;&#x43B;. &#x421;. &#x411;&#x435;&#x43B;&#x43E;&#x432;&#x430;</subfield>
    <subfield code="b">&#x441;&#x431;&#x43E;&#x440;&#x43D;&#x438;&#x43A;</subfield>
  </datafield>
  <datafield tag="260" ind1=" " ind2=" ">
    <subfield code="a">&#x41C;&#x43E;&#x441;&#x43A;&#x432;&#x430;</subfield>
    <subfield code="b">&#x420;&#x430;&#x434;&#x443;&#x433;&#x430;</subfield>
    <subfield code="c">1983</subfield>
  </datafield>
  <datafield tag="300" ind1=" " ind2=" ">
    <subfield code="a">432 &#x441;.</subfield>
  </datafield>
  <datafield tag="520" ind1=" " ind2=" ">
    <subfield code="a">&#x41F;&#x43E;&#x43F;&#x443;&#x43B;&#x44F;&#x440;&#x43D;&#x44B;&#x439; &#x436;&#x430;&#x43D;&#x440; &#x434;&#x435;&#x442;&#x435;&#x43A;&#x442;&#x438;&#x432;&#x430; &#x434;&#x430;&#x432;&#x43D;&#x43E; &#x438; &#x443;&#x441;&#x43F;&#x435;&#x448;&#x43D;&#x43E; &#x440;&#x430;&#x437;&#x440;&#x430;&#x431;&#x430;&#x442;&#x44B;&#x432;&#x430;&#x435;&#x442;&#x441;&#x44F; &#x432; &#x43D;&#x438;&#x434;&#x435;&#x440;&#x43B;&#x430;&#x43D;&#x434;&#x441;&#x43A;&#x43E;&#x439; &#x43B;&#x438;&#x442;&#x435;&#x440;&#x430;&#x442;&#x443;&#x440;&#x435;. &#x41F;&#x440;&#x438;&#x437;&#x43D;&#x430;&#x43D;&#x43D;&#x44B;&#x43C; &#x43C;&#x430;&#x441;&#x442;&#x435;&#x440;&#x43E;&#x43C; &#x44D;&#x442;&#x43E;&#x433;&#x43E; &#x436;&#x430;&#x43D;&#x440;&#x430; &#x44F;&#x432;&#x43B;&#x44F;&#x435;&#x442;&#x441;&#x44F; &#x412;. &#x425;. &#x432;&#x430;&#x43D; &#x42D;&#x43C;&#x43B;&#x430;&#x43D;&#x434;&#x442;. &#x412; &#x441;&#x431;&#x43E;&#x440;&#x43D;&#x438;&#x43A; &#x432;&#x43A;&#x43B;&#x44E;&#x447;&#x435;&#x43D; &#x435;&#x433;&#x43E; &#x440;&#x43E;&#x43C;&#x430;&#x43D; "&#x41A;&#x43E;&#x432;&#x430;&#x440;&#x43D;&#x44B;&#x439; &#x43B;&#x435;&#x434;", &#x440;&#x430;&#x437;&#x43E;&#x431;&#x43B;&#x430;&#x447;&#x430;&#x435;&#x442;&#x441;&#x44F; &#x43C;&#x43D;&#x438;&#x43C;&#x43E;&#x441;&#x442;&#x44C;, &#x43E;&#x431;&#x43C;&#x430;&#x43D;&#x447;&#x435;&#x432;&#x43E;&#x441;&#x442;&#x44C; &#x431;&#x443;&#x440;&#x436;&#x443;&#x430;&#x437;&#x43D;&#x43E;&#x439; &#x440;&#x435;&#x441;&#x43F;&#x435;&#x43A;&#x442;&#x430;&#x431;&#x435;&#x43B;&#x44C;&#x43D;&#x43E;&#x441;&#x442;&#x438;. &#x412; &#x43D;&#x435;&#x431;&#x43E;&#x43B;&#x44C;&#x448;&#x43E;&#x43C; &#x440;&#x43E;&#x43C;&#x430;&#x43D;&#x435; &#x412;&#x438;&#x43B;&#x43B;&#x438; &#x41A;&#x43E;&#x440;&#x43C;&#x430;&#x440;&#x438; &#x44E;&#x43D;&#x44B;&#x439; &#x433;&#x435;&#x440;&#x43E;&#x439; &#x440;&#x430;&#x441;&#x441;&#x43B;&#x435;&#x434;&#x443;&#x435;&#x442; &#x437;&#x430;&#x433;&#x430;&#x434;&#x43E;&#x447;&#x43D;&#x44B;&#x435; &#x43E;&#x431;&#x441;&#x442;&#x43E;&#x44F;&#x442;&#x435;&#x43B;&#x44C;&#x441;&#x442;&#x432;&#x430; &#x433;&#x438;&#x431;&#x435;&#x43B;&#x438; &#x441;&#x432;&#x43E;&#x435;&#x439; &#x43C;&#x430;&#x442;&#x435;&#x440;&#x438;. &#x410;. &#x41B;&#x430;&#x443;&#x440;&#x435;&#x43D;&#x441;-&#x41A;&#x43E;&#x43E;&#x43F; &#x43F;&#x440;&#x435;&#x434;&#x441;&#x442;&#x430;&#x432;&#x43B;&#x44F;&#x435;&#x442; &#x441;&#x435;&#x433;&#x43E;&#x434;&#x43D;&#x44F;&#x448;&#x43D;&#x438;&#x439; &#x434;&#x435;&#x43D;&#x44C; &#x43D;&#x438;&#x434;&#x435;&#x440;&#x43B;&#x430;&#x43D;&#x434;&#x441;&#x43A;&#x43E;&#x433;&#x43E; &#x434;&#x435;&#x442;&#x435;&#x43A;&#x442;&#x438;&#x432;&#x430;: &#x435;&#x435; &#x440;&#x43E;&#x43C;&#x430;&#x43D; "&#x413;&#x43B;&#x430;&#x432;&#x43D;&#x44B;&#x439; &#x441;&#x432;&#x438;&#x434;&#x435;&#x442;&#x435;&#x43B;&#x44C; - &#x43A;&#x43E;&#x448;&#x43A;&#x430;" &#x43F;&#x440;&#x43E;&#x431;&#x43B;&#x435;&#x43C;&#x430;&#x43C; &#x441;&#x43E;&#x432;&#x440;&#x435;&#x43C;&#x435;&#x43D;&#x43D;&#x43E;&#x439; &#x43C;&#x43E;&#x43B;&#x43E;&#x434;&#x435;&#x436;&#x438;.</subfield>
  </datafield>
  <datafield tag="650" ind1=" " ind2=" ">
    <subfield code="a">821 &#x425;&#x443;&#x434;&#x43E;&#x436;&#x43D;&#x44F; &#x43B;&#x456;&#x442;&#x435;&#x440;&#x430;&#x442;&#x443;&#x440;&#x430; &#x43E;&#x43A;&#x440;&#x435;&#x43C;&#x438;&#x43C;&#x438; &#x43C;&#x43E;&#x432;&#x430;&#x43C;&#x438; &#x456; &#x43C;&#x43E;&#x432;&#x43D;&#x438;&#x43C;&#x438; &#x441;&#x456;&#x43C;'&#x44F;&#x43C;&#x438;</subfield>
    <subfield code="9">17</subfield>
  </datafield>
  <datafield tag="700" ind1="1" ind2=" ">
    <subfield code="a">&#x432;&#x430;&#x43D; &#x42D;&#x43C;&#x43B;&#x430;&#x43D;&#x434; &#x412;. &#x425;.</subfield>
    <subfield code="9">25151</subfield>
  </datafield>
  <datafield tag="700" ind1="1" ind2=" ">
    <subfield code="a">&#x41A;&#x43E;&#x440;&#x441;&#x430;&#x440;&#x438; &#x412;.</subfield>
    <subfield code="9">25152</subfield>
  </datafield>
  <datafield tag="700" ind1="1" ind2=" ">
    <subfield code="a">&#x41B;&#x430;&#x443;&#x440;&#x435;&#x43D;&#x441;-&#x41A;&#x43E;&#x43E;&#x43F; &#x410;.</subfield>
    <subfield code="9">25153</subfield>
  </datafield>
  <datafield tag="700" ind1="1" ind2=" ">
    <subfield code="a">&#x411;&#x435;&#x43B;&#x43E;&#x432; &#x421;.</subfield>
    <subfield code="9">25154</subfield>
  </datafield>
  <datafield tag="942" ind1=" " ind2=" ">
    <subfield code="c">BK</subfield>
    <subfield code="2">udc</subfield>
  </datafield>
  <datafield tag="955" ind1=" " ind2=" ">
    <subfield code="a">3</subfield>
  </datafield>
  <datafield tag="999" ind1=" " ind2=" ">
    <subfield code="c">580630</subfield>
    <subfield code="d">580630</subfield>
  </datafield>
  <datafield tag="952" ind1=" " ind2=" ">
    <subfield code="0">0</subfield>
    <subfield code="1">0</subfield>
    <subfield code="2">udc</subfield>
    <subfield code="4">0</subfield>
    <subfield code="7">0</subfield>
    <subfield code="8">C_Shevchuk_V.</subfield>
    <subfield code="a">101</subfield>
    <subfield code="b">101</subfield>
    <subfield code="d">2026-04-28</subfield>
    <subfield code="g">25.00</subfield>
    <subfield code="i">169891</subfield>
    <subfield code="l">0</subfield>
    <subfield code="o">821.161.1(492) C56</subfield>
    <subfield code="p">169891</subfield>
    <subfield code="r">2026-04-30 15:31:56</subfield>
    <subfield code="v">25.00</subfield>
    <subfield code="w">2026-04-30</subfield>
    <subfield code="y">BK</subfield>
  </datafield>
</record>
